Les villes les plus peuplées d'Europe commençant par K - Statistiques

Statistiques générales
  • Ce quiz a été pris 67 fois
  • Le résultat moyen est 3 sur 10
Statistiques - réponses
Pays Population Villes % Correct
Ukraine 2 952 000 Kiev
100%
Ukraine 1 421 000 Kharkiv
54%
Lituanie 298 000 Kaunas
37%
Russie 1 308 000 Kazan
37%
Russie 1 099 000 Krasnodar
32%
Russie 490 000 Kaliningrad
25%
Allemagne 306 000 Karlsruhe
17%
Russie 440 000 Koursk
14%
Ukraine 603 000 Kryvyi Rih
3%
Russie 337 000 Kalouga
2%
Aucun quiz correspondant
Distribution des résultats
% des personnes avec chaque résultat
Percentile par nombre de réponses
Votre historique - résultats
Vous n’avez pas pris ce quiz